| 000 -LEADER |
| fixed length control field |
00677nam a2200253Ia 4500 |
| 001 - CONTROL NUMBER |
| control field |
16184 |
| 003 - CONTROL NUMBER IDENTIFIER |
| control field |
GE_BSU |
| 008 - FIXED-LENGTH DATA ELEMENTS--GENERAL INFORMATION |
| fixed length control field |
181216s||||||||xx |||||||||||||| ||und|| |
| 020 ## - INTERNATIONAL STANDARD BOOK NUMBER |
| International Standard Book Number |
9780199548637 |
| 020 ## - INTERNATIONAL STANDARD BOOK NUMBER |
| Terms of availability |
References:p.454-472 |
| 040 ## - CATALOGING SOURCE |
| Transcribing agency |
GE_BSU |
| 080 ## - UNIVERSAL DECIMAL CLASSIFICATION NUMBER |
| Universal Decimal Classification number |
341.242/2 |
| 100 ## - MAIN ENTRY--PERSONAL NAME |
| Personal name |
Cini,Michelle. Borragan, Peres-Solorzano |
| 245 ## - TITLE STATEMENT |
| Title |
European Union Politics |
| 260 ## - PUBLICATION, DISTRIBUTION, ETC. |
| Place of publication, distribution, etc. |
Oxford |
| 260 ## - PUBLICATION, DISTRIBUTION, ETC. |
| Name of publisher, distributor, etc. |
Oxford university Press |
| 260 ## - PUBLICATION, DISTRIBUTION, ETC. |
| Date of publication, distribution, etc. |
2010 |
| 300 ## - PHYSICAL DESCRIPTION |
| Extent |
485p.ill.25cm. |
| 653 ## - INDEX TERM--UNCONTROLLED |
| Uncontrolled term |
European Union Politics |
| 653 ## - INDEX TERM--UNCONTROLLED |
| Uncontrolled term |
ევროკავშირის პოლიტიკა |
| 653 ## - INDEX TERM--UNCONTROLLED |
| Uncontrolled term |
სამართალი |
| 942 ## - ADDED ENTRY ELEMENTS (KOHA) |
| Koha item type |
წიგნი |